The component element method in dynamics : with application to earthquake and vehicle engineering / (Record no. 38168)

MARC details
000 -LEADER
fixed length control field 00727nam a2200181 a 4500
008 - FIXED-LENGTH DATA ELEMENTS--GENERAL INFORMATION
fixed length control field 120416s1976 ||||||||||||||||| || u
020 ## - INTERNATIONAL STANDARD BOOK NUMBER
International Standard Book Number 0070373981
050 ## - LIBRARY OF CONGRESS CALL NUMBER
Classification number TA 654 Lev
100 ## - MAIN ENTRY--PERSONAL NAME
Personal name Levy, Samuel, 1912-
245 14 - TITLE STATEMENT
Title The component element method in dynamics : with application to earthquake and vehicle engineering /
260 ## - PUBLICATION, DISTRIBUTION, ETC.
Place of publication, distribution, etc. New York :
Name of publisher, distributor, etc. McGraw-Hill International Book Co
Date of publication, distribution, etc. 1976
300 ## - PHYSICAL DESCRIPTION
Extent xiv, 363p. : ill.
350 ## - PRICE (NR) (BK AM CF MU VM SE) [OBSOLETE]
Price 0.00
650 ## - SUBJECT ADDED ENTRY--TOPICAL TERM
Topical term or geographic name entry element Structural dynamics - Data processing
650 #0 - SUBJECT ADDED ENTRY--TOPICAL TERM
Topical term or geographic name entry element FINITE ELEMENT METHOD
700 ## - ADDED ENTRY--PERSONAL NAME
Personal name Wilkinson, John P. D
995 ## - RECOMMENDATION 995 [LOCAL, UNIMARC FRANCE]
-- 0.00
-- CBU-MAIN LIBRARY (Kitwe)
-- 1
-- 49.50
-- 1
-- AVAILABLE
-- Annex Low-Usage Collection
Holdings
Withdrawn status Lost status Source of classification or shelving scheme Damaged status Not for loan Home library Current library Shelving location Date acquired Total Checkouts Full call number Barcode Date last seen Price effective from Koha item type
          CBU-MAIN LIBRARY, KITWE. CBU-MAIN LIBRARY, KITWE.   11/30/2022   TA 654 Lev 018838 11/30/2022 11/30/2022 MONOGRAPH